Complete the Card - TNA Bound for Glory 2012 - Statistics

General Stats
  • This quiz has been taken 72 times
  • The average score is 18 of 22
Answer Stats
Answer % Correct
Bobby Roode
98%
Bully Ray
96%
Jeff Hardy
96%
Kurt Angle
96%
Samoa Joe
96%
James Storm
94%
AJ Styles
92%
Austin Aries
92%
Sting
92%
Christopher Daniels
84%
Rob Van Dam
80%
Tara
78%
Kazarian
76%
Hernandez
73%
Magnus
73%
Chavo Guerrero
69%
DOC
67%
Miss Tessmacher
67%
Zema Ion
67%
Joey Ryan
65%
Knux
65%
Al Snow
61%
No matching quizzes found
Score Distribution
Percent of People with Each Score
Percentile by Number Answered
Your Score History
You have not taken this quiz